[Event "Sachsen-ch U10"]
[Site "Sebnitz"]
[Date "2012.04.11"]
[Round "3"]
[White "Schubert, Valentin"]
[Black "Keil, Jonas"]
[Result "0-1"]
[WhiteElo "1139"]
[BlackElo "1017"]
[PlyCount "126"]
[EventDate "2012.04.10"]
[EventType "swiss"]
[EventRounds "7"]
[EventCountry "GER"]
[SourceTitle "CBM 148 Extra"]
[Source "ChessBase"]
[SourceDate "2012.06.22"]
[SourceVersion "1"]
[SourceVersionDate "2012.06.22"]
[SourceQuality "1"]

1. e4 e5 2. Nf3 Nc6 3. Bc4 Bc5 4. Nc3 Nf6 5. d3 d6 6. h3 Be6 7. Bb3 h6 8. Be3 Bb6 9. Qd2 Qd7 10. a3 Bxb3 11. cxb3 Na5 12. Qc2 Qe6 13. Nd2 Nc6 14. Nb5 Qd7 15. 0-0 a6 16. Bxb6 cxb6 17. Nc3 Nd4 18. Qd1 b5 19. b4 0-0 20. Rc1 Rac8 21. Nf3 Nxf3+ 22. Qxf3 Qe6 23. Rfd1 Rfd8 24. Qe3 Qb3 25. Qe2 Rc7 26. Qc2 Qxc2 27. Rxc2 Rdc8 28. Rcc1 d5 29. Rb1 d4 30. Ne2 Rc2 31. Ng3 g6 32. b3 Ra2 33. Ra1 Rcc2 34. Rxa2 Rxa2 35. a4 bxa4 36. bxa4 Rxa4 37. Rb1 Kf8 38. f3 Ke7 39. Kf2 Kd6 40. Ke2 Kc6 41. Kd2 Kb5 42. Kc2 Rxb4 43. Rxb4+ Kxb4 44. Kb2 b5 45. Ka2 a5 46. Ne2 a4 47. Nc1 Nh5 48. g4 Nf4 49. h4 Kc3 50. Ka3 Nxd3 51. Nxd3 Kxd3 52. Kb4 Kc2 53. Kxb5 d3 54. Kxa4 d2 55. Kb5 d1Q 56. Kc4 Qd4+ 57. Kb5 Kb3 58. Kc6 Kb4 59. Kb7 Qc5 60. Ka6 Qb5+ 61. Ka7 Kc5 62. Ka8 Kc6 63. Ka7 Qb7# 0-1